Chinese global infrastructure/ (Record no. 761067)

MARC details
000 -LEADER
fixed length control field 00366nam a22001337a 4500
020 ## - INTERNATIONAL STANDARD BOOK NUMBER
ISBN 9781009486910
082 ## - DEWEY DECIMAL CLASSIFICATION NUMBER
Classification number 382.309 51 STR/C
100 ## - MAIN ENTRY--AUTHOR NAME
Personal name Strange, Austin
245 ## - TITLE STATEMENT
Title Chinese global infrastructure/
Statement of responsibility, etc by Austin Strange
260 ## - PUBLICATION, DISTRIBUTION, ETC. (IMPRINT)
Place of publication . - U K
Name of publisher : Cambridge University Press
Year of publication , 2024
300 ## - PHYSICAL DESCRIPTION
Number of Pages 94 pages
942 ## - ADDED ENTRY ELEMENTS (KOHA)
Source of classification or shelving scheme Dewey Decimal Classification
Koha item type Book
Holdings
Withdrawn status Lost status Source of classification or shelving scheme Damaged status Not for loan Home Library Current Location Shelving location Date acquired Full call number Accession Number Price effective from Koha item type
    Dewey Decimal Classification     Dept. of Political Science Dept. of Political Science General Stacks 05/02/2026 382.309 51 STR/C POL23900 25/06/2026 Book